Una principessa indipendente /

Gardado en:
Detalles Bibliográficos
Autor Principal: Cole, Babette (Author)
Outros autores: Capella, Giuditta (Translator)
Formato: Libro
Idioma:Lingua italiana
Publicado: Milano : Mondadori, 2018
Series:Oscar mini
Tags: Engadir etiqueta
Sen Etiquetas, Sexa o primeiro en etiquetar este rexistro!

MARC

LEADER 00000nam a22000007i 4500
001 IT\ICCU\MOD\1688575
003 ItRI
005 20260115232030.0
008 181105s2018 cc |||||| |||||1|||||c
020 |a 9788804702436 
040 |b ita  |c importazione bologna sebina 
041 7 |a ita  |2 ISO-639-2 
100 1 |a Cole, Babette  |0 IT\ICCU\RAVV\043984  |4 aut 
240 1 0 |a Princess Smartypants  |3 IT\ICCU\LO1\0309781  |9 Cole, Babette 
245 1 4 |a Una principessa indipendente /  |c Babette Cole ; traduzione di Giuditta Capella. 
260 |a Milano :  |b Mondadori,  |c 2018 
300 |a 1 volume (senza paginazione) :  |b ill. ;  |c 23x27 cm 
500 |a [Il titolo della collana si ricava dal sito editoriale]  |9 IT\ICCU\LO1\1720935 
500 |a Precedentemente pubblicato da Edizioni EL nel 1993, nella traduzione di Giulio Lughi, con il titolo: "La principessa birichina" 
700 1 |a Capella, Giuditta  |0 IT\ICCU\UBOV\623224  |4 trl 
752 |a it   |d Milano 
830 0 |a Oscar mini  |0 IT\ICCU\LO1\1720935 
942 |2 ddc  |c BK  |n 0 
952 |0 0  |1 0  |4 0  |6 R_823_914000000000000_COL  |7 0  |9 19097  |a BO  |b BO  |d 2026-01-15  |i 20847  |l 0  |o R 823.914 COL  |p BO20847  |r 2026-01-15 23:20:30  |w 2026-01-15  |x [Sebina 5] [1 v.]  |y BK  |z 1 v. 
999 |c 16241  |d 16241